The energy timebomb (Record no. 118488)

MARC details
000 -LEADER
fixed length control field 01486cam a2200277 4500
001 - CONTROL NUMBER
control field ABS68625
008 - FIXED-LENGTH DATA ELEMENTS--GENERAL INFORMATION
fixed length control field 050125n2005 000 0 eng u
035 ## - SYSTEM CONTROL NUMBER
System control number (Sirsi) u128612
100 ## - MAIN ENTRY--PERSONAL NAME
Personal name Griffiths, M.
245 #4 - TITLE STATEMENT
Title The energy timebomb
260 ## - PUBLICATION, DISTRIBUTION, ETC.
Date of publication, distribution, etc. 2005
490 ## - SERIES STATEMENT
Series statement RICS Business
Volume/sequential designation January 2005, 20-21(2)
520 ## - SUMMARY, ETC.
Summary, etc. Looks at the impending imbalance in supply and demand for oil and gas, which could result in a global energy crisis within the next 10 years. Suggests that RICS is ideally placed to stimulate debate on the problem as most energy consumption is related in some way or other to land, buildings and infrastructure and that it should set an agenda for change. Appended is a summary by Stuart Johnson of the provisions of the new EU directive on the energy performance of buildings (Directive 2002/91/EC) which comes into force in January 2006. View the article at www.rics.org.
590 ## - LOCAL NOTE (RLIN)
Local note ABS
590 ## - LOCAL NOTE (RLIN)
Local note ABS
650 ## - SUBJECT ADDED ENTRY--TOPICAL TERM
Topical term or geographic name entry element ENERGY CONSUMPTION
650 ## - SUBJECT ADDED ENTRY--TOPICAL TERM
Topical term or geographic name entry element DIRECTIVE 2002/91/EC
650 ## - SUBJECT ADDED ENTRY--TOPICAL TERM
Topical term or geographic name entry element EC DIRECTIVES
650 ## - SUBJECT ADDED ENTRY--TOPICAL TERM
Topical term or geographic name entry element ENERGY PERFORMANCE
650 ## - SUBJECT ADDED ENTRY--TOPICAL TERM
Topical term or geographic name entry element BUILT ENVIRONMENT-CONSTRUCTION DESIGN
690 ## - LOCAL SUBJECT ADDED ENTRY--TOPICAL TERM (OCLC, RLIN)
Topical term or geographic name as entry element ENERGY
9 (RLIN) 6237
700 ## - ADDED ENTRY--PERSONAL NAME
Personal name Berry, B.
856 ## - ELECTRONIC LOCATION AND ACCESS
Uniform Resource Identifier <a href="https://www.rics.org/Environmentalandlandconsultancy/Energy/energy_timebomb170105.html">https://www.rics.org/Environmentalandlandconsultancy/Energy/energy_timebomb170105.html</a>
Public note View the article on the RICS website...
856 ## - ELECTRONIC LOCATION AND ACCESS
Uniform Resource Identifier <a href="https://www.rics.org/Environmentalandlandconsultancy/Energy/energy_timebomb170105.html">https://www.rics.org/Environmentalandlandconsultancy/Energy/energy_timebomb170105.html</a>
Public note View the article on the RICS website...
942 ## - ADDED ENTRY ELEMENTS (KOHA)
Suppress in OPAC 0
Holdings
Withdrawn status Lost status Source of classification or shelving scheme Damaged status Not for loan Home library Current library Shelving location Date acquired Total Checkouts Full call number Barcode Date last seen Copy number Price effective from Koha item type
    Dewey Decimal Classification     London London Journal article 25/01/2005   ABS68625 128612-1001 06/08/2019 1 06/08/2019 Journal article